Estrategia y resolución de conflictos
I tiakina i:
| Kaituhi matua: | |
|---|---|
| Hōputu: | Pukapuka |
| Reo: | Pāniora |
| I whakaputaina: |
Buenos Aires
Abeledo-Perrot
1999
|
| Ngā marau: | |
| Ngā Tūtohu: |
Tāpirihia he Tūtohu
Kāore He Tūtohu, Me noho koe te mea tuatahi ki te tūtohu i tēnei pūkete!
|
MARC
| LEADER | 00000nam a2200000 a 4500 | ||
|---|---|---|---|
| 001 | UCK4551 | ||
| 003 | CL-VaPUC | ||
| 008 | 050610e19990000AG |||||||||||||||||spa|d | ||
| 020 | |a 9502012119 | ||
| 082 | 0 | 4 | |a 347.09 |b VID |2 21 |
| 100 | 0 | |a Videla del Mazo, José María |e author |9 493100 | |
| 245 | 1 | 0 | |a Estrategia y resolución de conflictos |
| 300 | |a 271 p | ||
| 942 | |c BK | ||
| 945 | |d 20050610 00:00:00 |a cmena | ||
| 260 | |a Buenos Aires |b Abeledo-Perrot |c 1999 | ||
| 650 | 0 | |a Mediación |9 338396 | |
| 650 | 0 | |a Procedimiento civil |9 254870 | |
| 650 | 0 | |a Relaciones laborales |9 335971 | |
| 650 | 7 | |a CONCILIACION |2 CL-VaPUC |9 341638 | |
| 651 | 0 | |a Argentina |9 254888 | |
| 651 | 0 | |a Estados Unidos |9 255178 | |
| 583 | |a last modification |c 20050610 00:00:00 |k Rodrigo Vera | ||
| 999 | |c 313381 |d 313379 | ||
| 952 | |0 0 |1 0 |4 0 |6 347_090000000000000_VID_1999 |7 0 |8 A |9 384705 |a BIBDER |b BIBDER |d 2019-11-22 |i 4137892 |o 347.09 VID 1999 |p 4137892 |r 2023-01-25 |w 2019-11-22 |y BK |k DER | ||